Welcome to the Holygrace Academy Library

Please use search bar below to get started

THE BABYSITTERS CLUB (Record no. 483)

MARC details
000 -LEADER
fixed length control field 00541nam a22001457a 4500
020 ## - INTERNATIONAL STANDARD BOOK NUMBER
ISBN 0-590-44964-8
082 ## - DEWEY DECIMAL CLASSIFICATION NUMBER
Classification number 823
Item number MAR/J
100 ## - MAIN ENTRY--AUTHOR NAME
Personal name ANN M MARTIN
245 ## - TITLE STATEMENT
Title THE BABYSITTERS CLUB
Remainder of title JESSI'S GOLD MEDAL
260 ## - PUBLICATION, DISTRIBUTION, ETC. (IMPRINT)
Place of publication USA
Name of publisher SCHOLASTIC INC
Year of publication 1992
300 ## - PHYSICAL DESCRIPTION
Number of Pages 148
520 ## - SUMMARY, ETC.
Summary, etc WATER BALLET IS A DIFFERENT STORY. JESSI AND HER PARTNER PRACTICE THEIR ROUTINES OVER AND OVER AGAIN. EVERYONE- ESPECIALLY THE BABY SITTERS IS EXPECTING THEM TO WIN THE GOLD. BUT JESSI'S NOT SO SURE..CAN SHE DO IT?
650 ## - SUBJECT ADDED ENTRY--TOPICAL TERM
Topical Term JESSI'S GOLD MEDAL
942 ## - ADDED ENTRY ELEMENTS (KOHA)
Koha item type Books
Holdings
Withdrawn status Lost status Collection code Home library Current library Shelving location Date acquired Source of acquisition Full call number Accession Number Koha item type
    Fiction Main Library Main Library On Display 19/06/2010 purchase 823 MAR/J 05487 Books